Les 30 pays les plus producteurs d'électricité - Statistiques

Statistiques générales
  • Ce quiz a été pris 375 fois
  • Le résultat moyen est 26 sur 30
Statistiques - réponses
Productions électrique (en kW/h) Pays % Correct
4 099 Etats Unis
100%
5 398 Chine
99%
561 France
99%
1 057 Russie
98%
527 Allemagne
97%
531 Brésil
96%
277 Espagne
96%
936 Japon
96%
619 Canada
94%
299 Italie
93%
871 Inde
92%
119 Argentine
91%
226 Australie
91%
296 Mexique
90%
149 Suède
89%
485 Corée du sud
86%
125 Norvège
85%
153 Pologne
85%
174 Indonésie
84%
258 Afrique du Sud
83%
366 Royaume Uni
83%
218 Turquie
83%
239 Arabie Saoudite
81%
139 Egypte
81%
240 Iran
81%
198 Ukraine
80%
173 Thaïlande
70%
118 Malaisie
61%
252 Taïwan
50%
128 Vénézuela
46%
Aucun quiz correspondant
Distribution des résultats
% des personnes avec chaque résultat
Percentile par nombre de réponses
Votre historique - résultats
Vous n’avez pas pris ce quiz